[Event "Spijkenisse op-B 3rd"]
[Site "Spijkenisse"]
[Date "2013.10.25"]
[Round "1"]
[White "Salih, Shakir"]
[Black "Bel, Cor"]
[Result "1-0"]
[WhiteElo "1574"]
[BlackElo "1037"]
[PlyCount "79"]
[EventDate "2013.10.25"]
[EventType "swiss"]
[EventRounds "6"]
[EventCountry "NED"]
[SourceTitle "EXT 2014"]
[Source "ChessBase"]
[SourceDate "2013.11.20"]
[SourceVersion "1"]
[SourceVersionDate "2013.11.20"]
[SourceQuality "1"]

1. e4 e5 2. Nf3 Nc6 3. Bc4 f6 4. Nc3 d6 5. Nh4 g5 6. Qh5+ Kd7 7. Nd5 Qe8 8. Qxe8+ Kxe8 9. Nxc7+ Kd8 10. Nxa8 gxh4 11. Bd5 Nd4 12. 0-0 Ne7 13. c3 Ne2+ 14. Kh1 Nxd5 15. exd5 Bh6 16. b3 Bf4 17. d4 Bxc1 18. Rfxc1 h3 19. Re1 hxg2+ 20. Kxg2 Rg8+ 21. Kf3 Bg4+ 22. Ke3 Nxc3 23. Rg1 Nxd5+ 24. Ke4 Be6 25. Rxg8+ Bxg8 26. Rg1 Ne7 27. dxe5 Bd5+ 28. Kd3 fxe5 29. Rg7 b6 30. Rxh7 Bxa8 31. Rh8+ Kd7 32. Rxa8 Nc8 33. h4 Kc7 34. h5 Kb7 35. Rxc8 Kxc8 36. h6 Kc7 37. h7 Kc6 38. h8Q a5 39. Qc8+ Kb5 40. Qc4# 1-0